| 000 | 00677nam a2200253Ia 4500 | ||
|---|---|---|---|
| 003 | OSt | ||
| 005 | 20220918163537.0 | ||
| 006 | a|||||r|||| 00| 0 | ||
| 007 | ta | ||
| 008 | 220917b |||||||| |||| 00| 0 eng d | ||
| 020 | _a01 85478 362 8 | ||
| 024 | _a31,435 | ||
| 037 | _cTextual | ||
| 040 |
_aARTS _cARTS _beng |
||
| 041 |
_2eng _aeng |
||
| 082 | _aO111,3M84:g, L3 | ||
| 100 |
_aChapman Robert T _913629 |
||
| 245 | 0 |
_aWyndham Lewis _b Fiction and satires |
|
| 260 |
_aLondon _bVision UK _c1973 |
||
| 300 |
_a191p. _ccm. |
||
| 650 | _aENGLISH LITERATURE | ||
| 942 |
_hO111,3M84:g, L3 _cTEXL _2CC |
||
| 999 |
_c119996 _d119996 |
||